000 00344nam a2200145 i 4500
001 bg
100 1 _aMILLER, W.
245 0 _aLie Theory and Special Functions /
_cW. Miller.
260 _aNowy Jork :
_bAcademic Press,
_c1968.
040 _cBPK
041 _apol
080 _a517
942 _cKS
008 s pl f |000 0 pol
999 _c11884
_d11884
856 _uhttp://koha.tu.koszalin.pl/cgi-bin/koha/opac-detail.pl?biblionumber=11884
_yKatalog online BPK